| 000 | 01231nam a2200253 i 4500 | ||
|---|---|---|---|
| 001 | 151661 | ||
| 003 | ES-MaACL | ||
| 005 | 20250826055441.0 | ||
| 008 | 990413s1885 sp |||| | spa d | ||
| 040 |
_aCCPB | B _bspa _cCCPB | B |
||
| 100 | 1 |
_aValentí Vivó, Ignacio. _9112601 |
|
| 245 | 1 | 0 |
_aPlan de reforma de la enseñanza oficial y libre de las ciencias biológicas _b: memoria presentada al Excmo. Sr. D. Víctor Balaguer / _cpor el catedrático Ignacio Valentí y Vivó. |
| 260 |
_aBarcelona : _b[s.n.], _c1885 ( _fEstablecimiento Tipográfico de los sucesores de N. Ramirez y Cª) |
||
| 300 |
_a32 p. ; _c30 cm. |
||
| 530 | _aDisponible también en sitio web. | ||
| 650 | 7 |
_aMedicina- _xEstudio y enseñanza _2 _9141679 |
|
| 650 | 4 |
_aFarmacia- _xEnseñanza. _9152036 |
|
| 650 | 4 |
_aBiología- _xEnseñanza. _9152037 |
|
| 852 |
_aES-MaACL _jFol-Laf-91 _z-- Rust. _z-- Legado M. de la Fuente |
||
| 852 |
_aES-MaACL _jT-390-F-4 _z-- Enc. hol. _z-- Enc. en un vol. facticio |
||
| 852 |
_aES-MaACL _jT-664-F-6 _z-- Enc. hol. _z-- Enc. en un vol. facticio |
||
| 856 |
_uhttp://bibliotecadigitalhispanica.bne.es:80/webclient/DeliveryManager?pid=1678161&custom_att_2=simple_viewer _zIr a la página |
||
| 999 |
_c151661 _d151661 |
||